الرسم الهندسي بإستخدام الحاسوب : (رقم التسجيلة. 62570)

تفاصيل مارك
000 -الفاتح
عناصر البيانات ثابتة الطول 00840cam a2200217 i 4500
005 - تاريخ ووقت آخر معاملة
حقل ضبط 20251108171805.0
008 - عناصر البيانات ثابتة الطول
عناصر البيانات ثابتة الطول 250721s2003 jo a gr 000 0 ara d
082 14 - رقم تصنيف ديوي العشري
رقم التصنيف 006.68
رقم المادة ق ا ض
100 1# - مدخل رئيسي – اسم شخصي
الاسم الشخصي القاضي، محمد
علاقة الشخص بالعمل/ دوره مؤلف.
245 12 - بيان العنوان
العنوان الرسم الهندسي بإستخدام الحاسوب :
بقية العنوان (الأوتوكاد) /
بيان المسؤولية م.مجمد القاضي, م زينب الدوس,م.حسن الدباس.
264 1# - بيانات النشر، التوزيع…إلخ
مكان النشر، التوزيع...إلخ عمان :
اسم الناشر، الموزع...إلخ دار الصفاء للنشر و التوزيع،
تاريخ النشر، التوزيع...إلخ 2003.
300 ## - الوصف المادي
عدد الوحدات المكونة للوعاء 320 صفحة.
650 17 - مدخل إضافي بالموضوع - مصطلح موضوعي
مصطلح موضوعي أو اسم جغرافي كعنصر مدخل قاض.
650 17 - مدخل إضافي بالموضوع - مصطلح موضوعي
مصطلح موضوعي أو اسم جغرافي كعنصر مدخل الرسوم التصويرية المحوسبة.
650 17 - مدخل إضافي بالموضوع - مصطلح موضوعي
مصطلح موضوعي أو اسم جغرافي كعنصر مدخل الرسم المعماري.
650 17 - مدخل إضافي بالموضوع - مصطلح موضوعي
مصطلح موضوعي أو اسم جغرافي كعنصر مدخل أوتوكاد.
700 1# - مدخل إضافي - اسم شخصي
الاسم الشخصي دوس، زينب
علاقة الشخص بالعمل/ دوره مؤلف.
700 1# - مدخل إضافي - اسم شخصي
الاسم الشخصي الدباس، حسن
علاقة الشخص بالعمل/ دوره مؤلف.
942 ## - بيانات إضافية (كوها)
نوع التنصيف Dewey Decimal Classification
نوع المادة (كوها) كتب
المقتنيات
حالة السحب حالة الفقدان مصدر التصنيف حالة التلف غير قابل للإعارة المكتبة الرئيسية المكتبة الحالية موقع الرف تاريخ التزويد الرقم المتسلسل Total Checkouts رقم الإستدعاء الباركود تاريخ آخر ظهور تاريخ الفاتورة نوع المادة (كوها)
    Dewey Decimal Classification     المكتبة المركزية المكتبة المركزية الإعارة 06/07/2004 586193   006.68/ ق ا ض 586193 28/07/2025 06/07/2004 كتب
Implemented & Customized by: BBB with SCIT (Smart Chains for Information Technology)

Powered by Koha